000 00395nam a2200133Ia 4500
008 221224s9999||||xx |||||||||||||| ||und||
082 _a242
_bJHA/L
100 _aJha, Ram Chandra
245 0 _aLaghu Siddhanta Kaumudi of Pt. Varadacharya: Indumati Sanskrit-Hindi Teeka
250 _a18th Edition
260 _aVaranasi
_bChaukhambha Amar Bharati Prakashan&c1989
300 _a416
942 _cVB
999 _c40096
_d40096